[Event "Tradewise Gibraltar Chess Festival 2014 "]
[Site "The Caleta Hotel - Gibraltar"]
[Date "2014.02.02"]
[Round "6.84"]
[White "Zvarik, Martin"]
[Black "Skutta, Bernd"]
[Result "1/2-1/2"]
[WhiteElo "2216"]
[BlackElo "2048"]
[PlyCount "134"]
[EventDate "2014.01.28"]

1. Nf3 d5 2. d4 c6 3. g3 Bg4 4. Bg2 Nd7 5. O-O Ngf6 6. b3 e6 7. c4 Be7 8. Bb2
O-O 9. h3 Bh5 10. Nbd2 Rc8 11. g4 Bg6 12. Nh4 Qa5 13. Nxg6 hxg6 14. a3 Rfd8 15.
Re1 Qc7 16. e3 g5 17. Rc1 Nf8 18. h4 gxh4 19. g5 N6h7 20. f4 f6 21. gxf6 Nxf6
22. Kh1 Qd7 23. Bh3 Qe8 24. Rg1 Qh5 25. Qc2 Qh7 26. f5 Nh5 27. Nf1 Bd6 28. fxe6
Qxc2 29. Rxc2 Be7 30. Rf2 Nh7 31. Bg4 N5f6 32. Bf5 Kh8 33. Bg6 Nf8 34. Bf7 Ne4
35. Rf4 g5 36. Rxe4 dxe4 37. Nd2 Kh7 38. Nxe4 Kh6 39. Nf2 Ng6 40. Ng4+ Kh7 41.
e4 b5 42. Ne3 bxc4 43. Nf5 Rc7 44. Nxe7 Rxe7 45. Rxg5 Nf4 46. d5 cxd5 47. Be5
Rxe6 48. Rg7+ Kh6 49. Bxe6 Nxe6 50. Rxa7 dxe4 51. Re7 Nc5 52. bxc4 Nd3 53. Re6+
Kh5 54. Bd6 Rg8 55. Kh2 Kg4 56. Rxe4+ Kf3 57. Rd4 Nf2 58. Rf4+ Ke3 59. Rxh4 Ne4
60. Bc7 Rc8 61. Bb6+ Kd3 62. a4 Rxc4 63. a5 Ra4 64. Rh8 Kc4 65. Kg2 Kb5 66. Kf3
Nd6 67. Ke2 Nb7 1/2-1/2

[Event "Tradewise Gibraltar Chess Festival 2014 "]
[Site "The Caleta Hotel - Gibraltar"]
[Date "2014.02.02"]
[Round "6.85"]
[White "Hughes, Roy"]
[Black "Dolzhikova, Olga"]
[Result "0-1"]
[WhiteElo "2027"]
[BlackElo "2203"]
[PlyCount "62"]
[EventDate "2014.01.28"]

1. d4 b6 2. Nf3 Bb7 3. Bf4 d6 4. e3 g6 5. Be2 Bg7 6. O-O Nd7 7. h3 Ngf6 8. c4
Ne4 9. Qc2 e5 10. Bh2 O-O 11. Nc3 Nxc3 12. Qxc3 Qe7 13. Qd2 e4 14. Ne1 f5 15.
Nc2 Qh4 16. Rac1 g5 17. Rfd1 Rae8 18. b4 f4 19. Bf1 f3 20. Ne1 g4 21. Bg3 Qe7
22. hxg4 Nf6 23. Bh4 Qe6 24. g5 Nh5 25. c5 Qg4 26. g3 h6 27. Kh2 Bc8 28. gxh6
Bf6 29. Bxf6 Nxf6 30. cxd6 Qh5+ 31. Kg1 Ng4 0-1

[Event "Tradewise Gibraltar Chess Festival 2014 "]
[Site "The Caleta Hotel - Gibraltar"]
[Date "2014.02.02"]
[Round "6.86"]
[White "Goncalves, Jose Antonio Silvei"]
[Black "Veltkamp, Gerben"]
[Result "0-1"]
[WhiteElo "1999"]
[BlackElo "2202"]
[PlyCount "54"]
[EventDate "2014.01.28"]

1. c4 e5 2. Nc3 Nc6 3. g3 Bc5 4. Bg2 d6 5. Nf3 f5 6. d3 Nf6 7. O-O O-O 8. e3
Bb6 9. a3 Qe8 10. Qc2 Qh5 11. Qd1 f4 12. Ne1 Bg4 13. Bf3 Rae8 14. Nd5 Bxf3 15.
Nxf6+ Rxf6 16. Qxf3 Qxf3 17. Nxf3 fxg3 18. fxg3 Ref8 19. Kg2 e4 20. Nd2 Rxf1
21. Nxf1 exd3 22. Bd2 Ne5 23. b3 Ng4 24. h3 Nf2 25. Rc1 Ne4 26. Be1 d2 27. Bxd2
Nxd2 0-1

[Event "Tradewise Gibraltar Chess Festival 2014 "]
[Site "The Caleta Hotel - Gibraltar"]
[Date "2014.02.02"]
[Round "6.87"]
[White "Reppen, Ellisiv"]
[Black "Marttala, Thomas"]
[Result "1-0"]
[WhiteElo "1995"]
[BlackElo "2200"]
[PlyCount "67"]
[EventDate "2014.01.28"]

1. e4 e5 2. Nf3 Nc6 3. Bb5 a6 4. Ba4 d6 5. c3 Nf6 6. d3 g6 7. O-O Bg7 8. Nbd2
O-O 9. Re1 Nh5 10. Nf1 Nf4 11. d4 b5 12. Bb3 Na5 13. Bc2 Nc6 14. a4 Rb8 15.
axb5 axb5 16. Be3 g5 17. d5 Ne7 18. Ng3 Neg6 19. Nf5 Bf6 20. g3 g4 21. Nd2 h5
22. gxf4 exf4 23. Bd4 Be5 24. f3 Qg5 25. Kh1 g3 26. Qe2 Bxd4 27. cxd4 Bxf5 28.
exf5 Nh4 29. hxg3 fxg3 30. Qe3 Qf6 31. Qe7 g2+ 32. Kh2 Kg7 33. Qxf6+ Kxf6 34.
Kh3 1-0

[Event "Tradewise Gibraltar Chess Festival 2014 "]
[Site "The Caleta Hotel - Gibraltar"]
[Date "2014.02.02"]
[Round "6.88"]
[White "Mihajlov, Sebastian"]
[Black "Hamer, Martyn"]
[Result "1-0"]
[WhiteElo "2185"]
[BlackElo "2017"]
[PlyCount "95"]
[EventDate "2014.01.28"]

1. d4 d5 2. c4 e6 3. Nc3 Nf6 4. cxd5 exd5 5. Bg5 c6 6. e3 Bf5 7. Qf3 Bg6 8.
Bxf6 Qxf6 9. Qxf6 gxf6 10. h4 Nd7 11. Nge2 Bf5 12. Nf4 Nb6 13. Be2 Rg8 14. Rg1
Nc8 15. g4 Be6 16. f3 f5 17. g5 Nd6 18. Kf2 Kd7 19. Na4 Re8 20. Rac1 Kd8 21.
Nc5 Bc8 22. b4 b5 23. Rc3 Nc4 24. Bxc4 bxc4 25. Rb1 Bxc5 26. dxc5 a6 27. a4 Be6
28. Nh5 Rh8 29. Nf6 Ref8 30. h5 Kc7 31. Rc2 f4 32. Rd2 fxe3+ 33. Kxe3 Rb8 34.
Kf4 Rb7 35. Ke5 Rhb8 36. g6 hxg6 37. hxg6 fxg6 38. Kxe6 Rxb4 39. Rxb4 Rxb4 40.
Rxd5 c3 41. Ne8+ Kb7 42. Rd3 Rb3 43. Kd7 a5 44. Nd6+ Ka6 45. Kxc6 c2 46. Rxb3
c1=Q 47. Nc8 Qa1 48. Rb6# 1-0

[Event "Tradewise Gibraltar Chess Festival 2014 "]
[Site "The Caleta Hotel - Gibraltar"]
[Date "2014.02.02"]
[Round "6.89"]
[White "Urbina Perez, Juan Antonio"]
[Black "Spanton, Tim R"]
[Result "1-0"]
[WhiteElo "2183"]
[BlackElo "1995"]
[PlyCount "73"]
[EventDate "2014.01.28"]

1. e4 e5 2. Nf3 Nc6 3. Bb5 Nf6 4. d3 Bc5 5. c3 O-O 6. O-O d6 7. Bg5 h6 8. Bh4
Qe7 9. Nbd2 a6 10. Bxc6 bxc6 11. d4 Bb6 12. dxe5 dxe5 13. Nc4 g5 14. Bg3 Nxe4
15. Nfxe5 Nxg3 16. hxg3 Qf6 17. Qf3 Qxf3 18. gxf3 c5 19. Rfd1 Be6 20. Kg2 Rfd8
21. b3 f6 22. Ng4 Bxc4 23. bxc4 Kg7 24. Rh1 Ba5 25. Rac1 Rd3 26. Rce1 Rd7 27.
Nxh6 Bxc3 28. Nf5+ Kg8 29. Re4 Rb8 30. f4 Rh7 31. Rd1 gxf4 32. Rxf4 Re8 33.
Rg4+ Kh8 34. Rd5 Bb4 35. Rd3 Rh5 36. Ng7 Rg5 37. Rxg5 1-0

[Event "Tradewise Gibraltar Chess Festival 2014 "]
[Site "The Caleta Hotel - Gibraltar"]
[Date "2014.02.02"]
[Round "6.90"]
[White "Valenti, Giuseppe"]
[Black "Khachatourian, Yerazik"]
[Result "1-0"]
[WhiteElo "2172"]
[BlackElo "1955"]
[PlyCount "107"]
[EventDate "2014.01.28"]

1. e4 c5 2. Nf3 g6 3. d4 cxd4 4. Nxd4 Bg7 5. Nc3 Nc6 6. Be3 Nf6 7. Bc4 Qa5 8.
O-O O-O 9. Bb3 d6 10. h3 Bd7 11. f4 Nxd4 12. Bxd4 Bc6 13. Qd3 Rad8 14. Qe3 Nd7
15. Nd5 Bxd5 16. Bxd5 Bxd4 17. Qxd4 e6 18. Bb3 Qc5 19. c3 Nf6 20. Rae1 Qxd4+
21. cxd4 d5 22. e5 Nd7 23. Rc1 Rc8 24. Kf2 Nb6 25. Ke3 Rfd8 26. Kd3 Kf8 27. a4
a5 28. g4 Ke7 29. Rc3 Rxc3+ 30. bxc3 Rc8 31. Rb1 Rc7 32. Bc2 Nc8 33. Kd2 h6 34.
f5 gxf5 35. gxf5 exf5 36. Bxf5 Na7 37. Rb6 Nc6 38. Rb5 Ke8 39. Bg4 b6 40. Rxb6
Nd8 41. Rb5 Ne6 42. Rxd5 Nf4 43. Rxa5 h5 44. Bf5 h4 45. Ra8+ Ke7 46. Rh8 Nd5
47. Rxh4 Nxc3 48. Bc2 Na2 49. d5 Rb7 50. Rd4 Rb2 51. Rc4 Rb8 52. Bf5 Kd8 53. d6
Nb4 54. d7 1-0

[Event "Tradewise Gibraltar Chess Festival 2014 "]
[Site "The Caleta Hotel - Gibraltar"]
[Date "2014.02.02"]
[Round "6.91"]
[White "Vinas Guerrero, Carlos A"]
[Black "Henrichsen, Jens"]
[Result "1/2-1/2"]
[WhiteElo "2153"]
[BlackElo "1946"]
[PlyCount "110"]
[EventDate "2014.01.28"]

1. e4 e5 2. Nf3 Nc6 3. Bb5 a6 4. Ba4 Nf6 5. d3 d6 6. c3 Be7 7. O-O O-O 8. Nbd2
b5 9. Bb3 Bb7 10. Qe2 Na5 11. Bc2 c5 12. Rd1 Qc7 13. Nf1 h6 14. Ng3 Rfe8 15.
Nf5 Bf8 16. c4 Nc6 17. cxb5 axb5 18. h3 Kh7 19. g4 g6 20. Ng3 Bc8 21. g5 Ng8
22. Qf1 h5 23. Kh2 Be6 24. a3 d5 25. Bd2 d4 26. Ne1 Bd6 27. Ng2 Rf8 28. Qe2 f5
29. exf5 Bxf5 30. Nh4 Nce7 31. Rac1 Qd7 32. Qf1 Be6 33. Ne4 Nf5 34. Ng2 Bd5 35.
Qe2 c4 36. Rf1 Qc6 37. f3 h4 38. Be1 cxd3 39. Qxd3 Bc4 40. Qd1 Bxf1 41. Bd3 Qb6
42. Bxf1 Rfc8 43. Rxc8 Rxc8 44. Qb3 Rc7 45. Bxb5 Bf8 46. Nxh4 Nd6 47. a4 Nxb5
48. axb5 Rb7 49. Qc2 Ne7 50. Nf6+ Kg7 51. Bb4 d3 52. Qxd3 Qd4 53. Ne8+ Kh7 54.
Nf6+ Kg7 55. Ne8+ Kh7 1/2-1/2

[Event "Tradewise Gibraltar Chess Festival 2014 "]
[Site "The Caleta Hotel - Gibraltar"]
[Date "2014.02.02"]
[Round "6.92"]
[White "Lercel, Michal"]
[Black "Nordstrom, Hakon N"]
[Result "1-0"]
[WhiteElo "2150"]
[BlackElo "1835"]
[PlyCount "69"]
[EventDate "2014.01.28"]

1. e4 e6 2. d3 d5 3. Nd2 Nf6 4. Ngf3 c5 5. g3 Nc6 6. Bg2 Bd6 7. O-O O-O 8. Re1
Qc7 9. Qe2 Nd7 10. Nf1 b6 11. Ne3 Re8 12. exd5 exd5 13. Nxd5 Rxe2 14. Nxc7
Rxe1+ 15. Nxe1 Bxc7 16. Bxc6 Rb8 17. f4 Nf6 18. Nf3 Ba6 19. Bd2 Rd8 20. Re1 Rd6
21. Ne5 c4 22. Bb4 Re6 23. Bf3 cxd3 24. cxd3 Bd6 25. Bc3 Re7 26. d4 Ne8 27. Kf2
f5 28. Nc6 Rxe1 29. Bxe1 Nf6 30. Nxa7 Kf7 31. Nc6 Ke6 32. Bb4 Bc4 33. b3 Nd5
34. Nd8+ Kd7 35. Bxd6 1-0

[Event "Tradewise Gibraltar Chess Festival 2014 "]
[Site "The Caleta Hotel - Gibraltar"]
[Date "2014.02.02"]
[Round "6.93"]
[White "Bucknell, Malcolm Gordon"]
[Black "Bar, Aviv"]
[Result "0-1"]
[WhiteElo "1947"]
[BlackElo "2148"]
[PlyCount "59"]
[EventDate "2014.01.28"]

1. d4 Nf6 2. Nf3 e6 3. g3 b6 4. Bg2 Bb7 5. O-O g6 6. c4 Bg7 7. Nc3 Ne4 8. Qc2
Nxc3 9. bxc3 O-O 10. Rd1 d6 11. a4 Nc6 12. Nd2 Na5 13. Bxb7 Nxb7 14. Nb3 d5 15.
cxd5 exd5 16. a5 Nd6 17. axb6 axb6 18. Rxa8 Qxa8 19. Bf4 Qc6 20. Ra1 Nb5 21.
Rc1 Ra8 22. e3 Ra3 23. Qb2 h6 24. g4 Bf8 25. h3 Qc4 26. Nd2 Qa4 27. c4 dxc4 28.
Nxc4 Ra2 29. Qb1 Nc3 30. Qd3 0-1

[Event "Tradewise Gibraltar Chess Festival 2014 "]
[Site "The Caleta Hotel - Gibraltar"]
[Date "2014.02.02"]
[Round "6.94"]
[White "Byron, Alan M"]
[Black "Agbabishvili, Lali"]
[Result "1/2-1/2"]
[WhiteElo "2147"]
[BlackElo "1941"]
[PlyCount "106"]
[EventDate "2014.01.28"]

1. e4 c5 2. Nf3 d6 3. d4 cxd4 4. Nxd4 Nf6 5. Nc3 a6 6. Be3 e5 7. Nb3 Be6 8. Qd2
Be7 9. O-O-O O-O 10. f4 Ng4 11. g3 Nxe3 12. Qxe3 b5 13. Kb1 Nc6 14. f5 Bxb3 15.
cxb3 Bg5 16. Qf2 Nd4 17. h4 Bh6 18. g4 f6 19. Bd3 Rf7 20. Nd5 a5 21. Rdg1 a4
22. b4 a3 23. b3 Rc8 24. Rg2 Rfc7 25. g5 fxg5 26. hxg5 Bxg5 27. Nxc7 Rxc7 28.
Rhg1 Bf4 29. Rg4 Qf6 30. Rd1 Bh6 31. Qf1 Rb7 32. Rc1 Kf7 33. Rc8 Ke7 34. Bxb5
Nxb5 35. Qc4 Qf7 36. Qc6 Kf6 37. Rg1 Be3 38. Rd1 Bd4 39. Rc1 Nc3+ 40. Rxc3 Bxc3
41. Qxc3 Qh5 42. Qd3 Rb6 43. Rc1 Qh2 44. Rc2 Qg1+ 45. Rc1 Qf2 46. Rc2 Qe1+ 47.
Rc1 Qxb4 48. Qd5 Rb7 49. Rd1 Rc7 50. Rg1 Re7 51. Rd1 Rc7 52. Rg1 Re7 53. Rd1
Rc7 1/2-1/2

[Event "Tradewise Gibraltar Chess Festival 2014 "]
[Site "The Caleta Hotel - Gibraltar"]
[Date "2014.02.02"]
[Round "6.96"]
[White "Barrenechea Bahamonde, Gustavo"]
[Black "Lochte, Szilvia"]
[Result "1-0"]
[WhiteElo "2208"]
[BlackElo "1951"]
[PlyCount "73"]
[EventDate "2014.01.28"]

1. e4 e5 2. Nf3 Nc6 3. Bb5 a6 4. Ba4 Nf6 5. d4 Nxe4 6. O-O b5 7. Bb3 d5 8. dxe5
Be6 9. c3 Bc5 10. Nbd2 O-O 11. Bc2 f5 12. Nb3 Bb6 13. Nbd4 Nxd4 14. Nxd4 Qe7
15. Bb3 Rad8 16. Qe2 Qe8 17. a4 Nc5 18. Bc2 bxa4 19. Re1 Nb3 20. Nxb3 axb3 21.
Bxb3 f4 22. Qxa6 f3 23. Be3 Qg6 24. g3 Ra8 25. Qxa8 Rxa8 26. Rxa8+ Kf7 27. Ba4
Qf5 28. Bxb6 cxb6 29. Be8+ Ke7 30. Bb5 Qh3 31. Ra7+ Kd8 32. Bf1 Qh6 33. Rea1
Bh3 34. Rf7 Ke8 35. Rb7 Qc6 36. Ra8+ Bc8 37. Bb5 1-0

[Event "Tradewise Gibraltar Chess Festival 2014 "]
[Site "The Caleta Hotel - Gibraltar"]
[Date "2014.02.02"]
[Round "6.97"]
[White "Nilsen, Martin"]
[Black "Osuna Vega, Enrique"]
[Result "0-1"]
[WhiteElo "1878"]
[BlackElo "2141"]
[PlyCount "80"]
[EventDate "2014.01.28"]

1. d4 Nf6 2. Bg5 d6 3. Nf3 Nbd7 4. e3 e5 5. Bd3 Be7 6. Nbd2 exd4 7. exd4 O-O 8.
c4 Re8 9. Qc2 Nf8 10. O-O-O b5 11. Bxf6 Bxf6 12. Be4 Rb8 13. Bc6 Bd7 14. cxb5
Bxc6 15. bxc6 d5 16. Rhe1 Rxe1 17. Rxe1 Ne6 18. Nb3 Rb4 19. Kb1 Rc4 20. Qe2
Rxc6 21. Ne5 Rb6 22. g3 g6 23. f4 Qd6 24. f5 Ng5 25. fxg6 hxg6 26. Qg4 Qe6 27.
Qf4 Ne4 28. Nd3 Qd6 29. Qg4 Qe6 30. Qf4 Qd6 31. Qg4 Kg7 32. Ndc5 a5 33. Ka1 Rb4
34. Nd3 Rc4 35. Nf4 a4 36. Nh5+ Kh6 37. Nxf6 Qxf6 38. Qh3+ Kg7 39. Rf1 axb3 40.
Rxf6 Rc1# 0-1

[Event "Tradewise Gibraltar Chess Festival 2014 "]
[Site "The Caleta Hotel - Gibraltar"]
[Date "2014.02.02"]
[Round "6.98"]
[White "Becham, Khalid"]
[Black "Othman, Mustapha"]
[Result "1-0"]
[WhiteElo "2122"]
[BlackElo "1905"]
[PlyCount "91"]
[EventDate "2014.01.28"]

1. c4 Nf6 2. Nc3 g6 3. d4 d5 4. cxd5 Nxd5 5. e4 Nxc3 6. bxc3 Bg7 7. Be3 c5 8.
Bc4 Nc6 9. Ne2 cxd4 10. cxd4 Qa5+ 11. Qd2 Qxd2+ 12. Kxd2 O-O 13. Rab1 Rd8 14.
Bd5 e6 15. Bxc6 bxc6 16. Rhc1 Rd6 17. Ke1 e5 18. dxe5 Bxe5 19. f4 Rd3 20. Kf2
Bg7 21. Rxc6 Ra3 22. Nc1 Be6 23. Rb7 Bc3 24. h3 h5 25. Rcc7 a6 26. g4 hxg4 27.
hxg4 Ba5 28. Re7 Rd8 29. f5 gxf5 30. gxf5 Bc4 31. Rb2 Rd1 32. Nb3 Be1+ 33. Kf3
Rd3 34. Rb7 Bc3 35. Rg2+ Kh7 36. Kf4 Bg7 37. Bc5 Ra4 38. Rh2+ Bh6+ 39. Ke5 Rd8
40. Rb6 Kg7 41. Rbxh6 f6+ 42. Kf4 Bg8 43. Rg6+ Kf7 44. Rhg2 Rd1 45. Rg7+ Ke8
46. Re7+ 1-0

[Event "Tradewise Gibraltar Chess Festival 2014 "]
[Site "The Caleta Hotel - Gibraltar"]
[Date "2014.02.02"]
[Round "6.99"]
[White "Whatley, Stephen A J"]
[Black "Heer, Stephan"]
[Result "0-1"]
[WhiteElo "1864"]
[BlackElo "2106"]
[PlyCount "90"]
[EventDate "2014.01.28"]

1. e4 g6 2. d4 d6 3. Be3 Bg7 4. Nc3 a6 5. Qd2 b5 6. h4 h5 7. f3 Nd7 8. Nh3 Bb7
9. Ng5 b4 10. Ne2 a5 11. Nf4 Nb6 12. Bb5+ c6 13. Bd3 Ba6 14. Bxa6 Rxa6 15. Qd3
Ra8 16. c3 bxc3 17. bxc3 e5 18. Ne2 Qc7 19. O-O Nf6 20. Rab1 Nbd7 21. Rb2 O-O
22. Rfb1 Rfb8 23. Qc4 d5 24. Qa4 Rxb2 25. Rxb2 dxe4 26. Qc4 Nd5 27. fxe4 N7b6
28. Rxb6 Nxb6 29. Qb3 a4 30. Qb4 Rb8 31. Bf2 Bf8 32. Qa5 Ra8 33. Qxe5 Qxe5 34.
dxe5 Nc4 35. e6 f6 36. Nf3 Ne5 37. Nfd4 c5 38. Nb5 Rb8 39. Nc7 Rb1+ 40. Kh2 Rb2
41. Nf4 Rxf2 42. Nfd5 Ng4+ 43. Kg3 Bd6+ 44. Kh3 Bxc7 45. Nxc7 Kf8 0-1

[Event "Tradewise Gibraltar Chess Festival 2014 "]
[Site "The Caleta Hotel - Gibraltar"]
[Date "2014.02.02"]
[Round "6.100"]
[White "Cruz Fiallos, Hamilton Tarley"]
[Black "Walton, Alan J"]
[Result "1/2-1/2"]
[WhiteElo "1844"]
[BlackElo "2083"]
[PlyCount "94"]
[EventDate "2014.01.28"]

1. e4 e6 2. d4 d5 3. Nd2 a6 4. Bd3 Nf6 5. e5 Nfd7 6. Qg4 c5 7. c3 Nc6 8. Ne2
cxd4 9. cxd4 f5 10. Qg3 Qb6 11. Nf3 Ne7 12. h4 Nb8 13. h5 Nbc6 14. O-O Bd7 15.
a3 Ng8 16. b4 Nh6 17. Be3 Ng4 18. Nh2 Nxh2 19. Kxh2 Kf7 20. Nc3 Be7 21. Na4 Qd8
22. Nc5 Bc8 23. Rfc1 g5 24. b5 axb5 25. Bxb5 Rg8 26. Nxb7 Bxb7 27. Bxc6 Bxc6
28. Rxc6 Rc8 29. Rxc8 Qxc8 30. Bc1 Qc4 31. Qe3 Rb8 32. Qd2 Rb3 33. Bb2 Rd3 34.
Qe1 Qc2 35. Qb1 Qe2 36. a4 Rd2 37. Bc3 Rc2 38. Be1 Qxh5+ 39. Kg1 Qe2 40. a5 Rb2
41. Qc1 Bb4 42. Qxg5 Bxe1 43. Qf6+ Kg8 44. Qxe6+ Kg7 45. Qf6+ Kg8 46. Qg5+ Kh8
47. Qf6+ Kg8 1/2-1/2

[Event "Tradewise Gibraltar Chess Festival 2014 "]
[Site "The Caleta Hotel - Gibraltar"]
[Date "2014.02.02"]
[Round "6.101"]
[White "Steenbergen, Pepijn"]
[Black "Omoifo, Osemekhian I"]
[Result "1/2-1/2"]
[WhiteElo "1772"]
[BlackElo "2076"]
[PlyCount "106"]
[EventDate "2014.01.28"]

1. e4 d6 2. d4 Nf6 3. Nc3 g6 4. f4 Bg7 5. Nf3 O-O 6. Bd3 Nc6 7. O-O e5 8. fxe5
dxe5 9. d5 Nd4 10. Bg5 h6 11. Bh4 Bg4 12. Be2 Nxe2+ 13. Qxe2 g5 14. Bf2 Nh5 15.
Bc5 Nf4 16. Qe3 Re8 17. h3 Bd7 18. Kh2 b6 19. Ba3 h5 20. Ng1 h4 21. Nd1 g4 22.
hxg4 Bh6 23. Nh3 Kh7 24. Nxf4 exf4 25. Rxf4 f5 26. e5 Qg5 27. g3 hxg3+ 28. Kxg3
Qxf4+ 29. Qxf4 Bxf4+ 30. Kxf4 fxg4 31. Ne3 Rac8 32. e6 Bxe6 33. dxe6 Rxe6 34.
Rh1+ Kg8 35. Rh4 c5 36. Rxg4+ Kf7 37. b3 Rf8 38. Rg5 Ke8+ 39. Rf5 Rxf5+ 40.
Nxf5 Kd7 41. Bb2 Re2 42. Ne3 Ke6 43. Ke4 Rh2 44. a4 Rh4+ 45. Kd3 Rh3 46. Bg7
Rh2 47. Bc3 Rh3 48. Bd2 Rh4 49. Nd1 Kd5 50. Ne3+ Kc6 51. Nc4 a6 52. Bg5 Rh5 53.
Bf6 Rf5 1/2-1/2

[Event "Tradewise Gibraltar Chess Festival 2014 "]
[Site "The Caleta Hotel - Gibraltar"]
[Date "2014.02.02"]
[Round "6.102"]
[White "Villa Armenta, Enrique"]
[Black "Verneuil, Pascal"]
[Result "0-1"]
[WhiteElo "1718"]
[BlackElo "2065"]
[PlyCount "71"]
[EventDate "2014.01.28"]

1. d4 d5 2. c4 c6 3. Nc3 Nf6 4. Nf3 a6 5. e3 Bg4 6. a3 e6 7. Be2 dxc4 8. Bxc4
c5 9. O-O Be7 10. Be2 Nc6 11. dxc5 Bxc5 12. b4 Bd6 13. Bb2 O-O 14. h3 Bh5 15.
Rc1 Qe7 16. Nd4 Bxe2 17. Ncxe2 Nxd4 18. Qxd4 Rfd8 19. Qh4 a5 20. Bxf6 Qxf6 21.
Qxf6 gxf6 22. Rb1 axb4 23. axb4 Be5 24. f4 Bc7 25. Ra1 Rxa1 26. Rxa1 Bb6 27.
Ra3 Rd2 28. Ng3 Rb2 29. Nh5 h6 30. g4 Rxb4 31. Nxf6+ Kg7 32. Ne8+ Kg6 33. Kf2
Rxf4+ 34. Kg3 Re4 35. Nd6 Bc7 36. Kf3 0-1

[Event "Tradewise Gibraltar Chess Festival 2014 "]
[Site "The Caleta Hotel - Gibraltar"]
[Date "2014.02.02"]
[Round "6.103"]
[White "Nyland, Thomas"]
[Black "Zachariassen, John"]
[Result "1-0"]
[WhiteElo "2047"]
[BlackElo "1894"]
[PlyCount "85"]
[EventDate "2014.01.28"]

1. e4 g6 2. d4 Bg7 3. Nf3 d6 4. c4 c6 5. Nc3 Nd7 6. Bd3 Qc7 7. O-O Ngf6 8. h3
O-O 9. Be3 e5 10. d5 Rd8 11. Qc2 Nh5 12. Ne2 Rf8 13. Rac1 c5 14. a3 h6 15. b4
a6 16. Nd2 Nf4 17. Nxf4 exf4 18. Bxf4 Ne5 19. Bg3 f5 20. exf5 Nxd3 21. Qxd3
Bxf5 22. Ne4 Rfe8 23. f3 b6 24. Rfe1 Qd7 25. Qd2 Bxe4 26. Rxe4 Rxe4 27. fxe4
Re8 28. Re1 g5 29. bxc5 bxc5 30. Qe2 Be5 31. Bxe5 Rxe5 32. Qf3 Qe7 33. Kf2 Qg7
34. Kg1 Re7 35. Qg4 Qd4+ 36. Kh1 Qxc4 37. Qc8+ Kg7 38. Qd8 Rf7 39. Qxd6 Rf1+
40. Rxf1 Qxf1+ 41. Kh2 Qf4+ 42. Qxf4 gxf4 43. Kg1 1-0

[Event "Tradewise Gibraltar Chess Festival 2014 "]
[Site "The Caleta Hotel - Gibraltar"]
[Date "2014.02.02"]
[Round "6.104"]
[White "Nejanky, Maisa"]
[Black "Knudsen, Jes West"]
[Result "1-0"]
[WhiteElo "2040"]
[BlackElo "1874"]
[PlyCount "73"]
[EventDate "2014.01.28"]

1. e4 g6 2. d4 Bg7 3. Nc3 d6 4. Bg5 c6 5. Qd2 b5 6. Nf3 Bg4 7. Be2 Nd7 8. h3
Bxf3 9. Bxf3 b4 10. Ne2 Rb8 11. O-O h6 12. Be3 e5 13. c3 a5 14. Rad1 Ne7 15.
dxe5 Nxe5 16. Qxd6 Nxf3+ 17. gxf3 bxc3 18. Qxd8+ Rxd8 19. Rxd8+ Kxd8 20. Bb6+
Kc8 21. Nxc3 Kb7 22. Bxa5 Ra8 23. Bb4 Nc8 24. Rd1 Nb6 25. a3 f5 26. Rd6 fxe4
27. fxe4 g5 28. Rg6 Bd4 29. Rxh6 c5 30. Nb5 Bxf2+ 31. Kxf2 cxb4 32. axb4 Ra2
33. Nd6+ Kb8 34. Kf3 Rxb2 35. b5 Nd7 36. Kg4 Rg2+ 37. Kf5 1-0

[Event "Tradewise Gibraltar Chess Festival 2014 "]
[Site "The Caleta Hotel - Gibraltar"]
[Date "2014.02.02"]
[Round "6.105"]
[White "Kuenitz, Klaus"]
[Black "Weinstein, Shaul"]
[Result "0-1"]
[WhiteElo "1525"]
[BlackElo "2025"]
[PlyCount "34"]
[EventDate "2014.01.28"]

1. d4 Nf6 2. c4 e6 3. Nf3 d5 4. Bg5 Be7 5. e3 Nbd7 6. Nc3 O-O 7. Rc1 c6 8. cxd5
exd5 9. Bd3 Ne4 10. Bxe7 Qxe7 11. O-O f5 12. a3 Ndf6 13. b4 Be6 14. Ne5 Nd7 15.
Nxd7 Bxd7 16. Qa4 a6 17. Qa5 Nd2 0-1

[Event "Tradewise Gibraltar Chess Festival 2014 "]
[Site "The Caleta Hotel - Gibraltar"]
[Date "2014.02.02"]
[Round "6.107"]
[White "Gravett, Alan D"]
[Black "Kenney, David"]
[Result "1/2-1/2"]
[WhiteElo "1872"]
[BlackElo "1999"]
[PlyCount "75"]
[EventDate "2014.01.28"]

1. g3 e5 2. Bg2 Nf6 3. Nf3 Nc6 4. d3 Be7 5. c4 d5 6. cxd5 Nxd5 7. O-O O-O 8. a3
Be6 9. b4 a6 10. Bb2 f6 11. Nbd2 Qd7 12. Rc1 Rad8 13. Ne4 Kh8 14. Nc5 Bxc5 15.
Rxc5 Nce7 16. Qc1 c6 17. Nd2 Nb6 18. Qc2 Bd5 19. a4 Bxg2 20. Kxg2 Nbd5 21. Qb3
Qg4 22. f3 Qxb4 23. Qxb4 Nxb4 24. Ba3 Nbd5 25. Rb1 b5 26. Kf2 Rfe8 27. axb5
cxb5 28. e4 Nb6 29. Ke2 Ng6 30. Rc6 Na4 31. Bb4 Ra8 32. Ba5 Rec8 33. Rbc1 Rxc6
34. Rxc6 Kg8 35. Rc7 Nf8 36. Re7 Ng6 37. Rc7 Nf8 38. Re7 1/2-1/2

[Event "Tradewise Gibraltar Chess Festival 2014 "]
[Site "The Caleta Hotel - Gibraltar"]
[Date "2014.02.02"]
[Round "6.108"]
[White "George, Lolomari Erekosima"]
[Black "Mehringer, Joerg"]
[Result "1-0"]
[WhiteElo "1853"]
[BlackElo "1961"]
[PlyCount "45"]
[EventDate "2014.01.28"]

1. Nf3 g6 2. c4 Bg7 3. g3 e5 4. d3 Ne7 5. Bg2 O-O 6. Qc2 c6 7. Nbd2 d5 8. Rb1
a5 9. b3 Na6 10. a3 Be6 11. O-O Qd6 12. Bb2 Rac8 13. Qc3 b6 14. Nxe5 c5 15. e3
Rfd8 16. d4 Nf5 17. Rfd1 Qc7 18. cxd5 Bxd5 19. Bxd5 Rxd5 20. Qc4 Rxe5 21. dxe5
Nb8 22. e6 f6 23. e7+ 1-0

[Event "Tradewise Gibraltar Chess Festival 2014 "]
[Site "The Caleta Hotel - Gibraltar"]
[Date "2014.02.02"]
[Round "6.109"]
[White "Andersen, Daniel"]
[Black "Dennis, Nigel W"]
[Result "1/2-1/2"]
[WhiteElo "1941"]
[BlackElo "1848"]
[PlyCount "94"]
[EventDate "2014.01.28"]

1. d4 Nf6 2. c4 g6 3. Nc3 Bg7 4. e4 d6 5. f3 O-O 6. Be3 Nbd7 7. Bd3 c5 8. d5 e6
9. dxe6 fxe6 10. Qd2 Ne5 11. O-O-O a6 12. Be2 Ne8 13. Bxc5 Qa5 14. Bd4 Bd7 15.
f4 Nf7 16. Bxg7 Nxg7 17. Kb1 b5 18. Rc1 bxc4 19. Bxc4 Bb5 20. Bb3 Qb4 21. Nf3
Rfc8 22. Rhe1 Bc4 23. Bxc4 Rxc4 24. Qd3 Nh5 25. g3 Nf6 26. e5 Rb8 27. Re2 dxe5
28. Nxe5 Nd6 29. Nxc4 Nxc4 30. Rec2 Na3+ 31. Ka1 Nxc2+ 32. Rxc2 a5 33. a3 Qb3
34. Rd2 Kf7 35. h3 h5 36. Ne4 Nxe4 37. Qxe4 Rb7 38. Qd3 Qb6 39. Ka2 a4 40. g4
hxg4 41. hxg4 Rc7 42. g5 Qc5 43. Qd4 Qc4+ 44. Qxc4 Rxc4 45. Rf2 Ke7 46. b3
axb3+ 47. Kxb3 Re4 1/2-1/2

[Event "Tradewise Gibraltar Chess Festival 2014 "]
[Site "The Caleta Hotel - Gibraltar"]
[Date "2014.02.02"]
[Round "6.110"]
[White "Krokay, Urszula"]
[Black "Holleland, Sigve"]
[Result "1/2-1/2"]
[WhiteElo "1926"]
[BlackElo "1812"]
[PlyCount "100"]
[EventDate "2014.01.28"]

1. Nc3 d5 2. e4 Nf6 3. e5 Nfd7 4. f4 e6 5. Nf3 c5 6. Bb5 Qb6 7. d3 Be7 8. a4 a6
9. a5 Qc7 10. Ba4 O-O 11. Bd2 c4 12. d4 Bb4 13. O-O Bxa5 14. Bxd7 Bxc3 15. Bxc3
Bxd7 16. Bb4 Rc8 17. Bd6 Qd8 18. Ng5 h6 19. Qh5 Qe8 20. Ra3 f5 21. Qxe8+ Rxe8
22. Nf3 Nc6 23. h3 b5 24. g4 g6 25. gxf5 gxf5 26. Kf2 Kh7 27. c3 a5 28. Ng1 a4
29. Ne2 Rg8 30. Ng3 Be8 31. Rg1 Ra7 32. Raa1 Rag7 33. Ne2 Rxg1 34. Rxg1 Rxg1
35. Kxg1 Bh5 36. Nc1 Kg7 37. Na2 Na5 38. Nc1 Bd1 39. Kf2 Bb3 40. Ne2 Nc6 41.
Ba3 Kg6 42. Kg3 Kh5 43. Bc5 Bc2 44. Nc1 Bb1 45. Ne2 Na5 46. Nc1 Be4 47. Bf8 Nc6
48. Na2 Bb1 49. Nb4 Nxb4 50. Bxb4 Bd3 1/2-1/2